000 00712nam a2200265Ia 4500
003 OSt
005 20220924121723.0
006 a|||||r|||| 00| 0
007 ta
008 220923b |||||||| |||| 00| 0 urd d
020 _c3.00
024 _a286293
037 _cTextual
040 _aARTS
_cARTS
_burd
041 _2urd
_aurd
082 _aQ70T, 168G8;J6
100 _aRafiq Mueed Ahmad Au.
_9187053
245 0 _aIslami Nizam-e-Taleem
260 _aKarachi
_bIdararh Tasneef wa Taleef Pakistan
_c1956
300 _a304p.
_ccm.
650 _a ISLAM
_9577
650 _aEDUCATION
942 _hQ70T, 168G8;J6
_cTEXL
_2CC
999 _c408764
_d408764